000 00605nam a2200217Ia 4500
003 OSt
005 20221007081552.0
006 a|||||r|||| 00| 0
007 ta
008 221006b |||||||| |||| 00| 0 eng d
024 _a18,546
037 _cReports / Technical Reports
040 _aFLL
_cFLL
_beng
041 _2eng
_aeng
082 _aZ73,215aN82, M5
245 0 _aLaw of the sea
_b Select bibliography
260 _aNew York
_bUnited Nations USA
_c1985
300 _a91p
_ccm.
942 _hZ73,215aN82, M5
_cREP
_2CC
999 _c1163550
_d1163550